| 000 | 00658nam a2200169 a 4500 | ||
|---|---|---|---|
| 005 | 20210223121445.0 | ||
| 008 | 991125s1955 was 000 0 eng u | ||
| 035 | _aUPN01000017984 | ||
| 049 | _aCG | ||
| 050 | 4 |
_aLB1603 _bS4.4 1955 |
|
| 111 | 2 |
_aSeminario Interamericano de Educación Secundaria _d(1954-1955) |
|
| 245 | 1 | 3 |
_aLa educación secundaria en América : _bmemoria del seminario interamericano de educación secundaria. |
| 260 |
_aWashington : _bUnión Panamericana, Departamento de Asuntos Culturales, División de Educación, _c1955. |
||
| 300 | _a466 p. | ||
| 650 | 4 |
_aEDUCACION SECUNDARIA - _zAMERICA LATINA - _vCONGRESOS _917276 |
|
| 905 | _aLibro | ||
| 999 |
_c17984 _d17984 |
||